| 000 | 01401nam a2200373 a 4500 | ||
|---|---|---|---|
| 001 | sjds1066407 | ||
| 003 | sjds | ||
| 005 | 20171108134614.0 | ||
| 008 | 930408t19941987nyua j 000 1 eng | ||
| 020 | _a0399226907 (Board book) | ||
| 020 | _a9780399226908 (Board book) | ||
| 035 | _a126686 | ||
| 035 | _a(OCoLC)43580092 | ||
| 035 | _a126686 | ||
| 040 |
_aDLC _cDLC _dUtOrBLW |
||
| 049 | _aIFAB | ||
| 099 | _aBOARD BOOKS CARLE 1994 | ||
| 999 |
_c19072 _d19072 |
||
| 999 | _bBOARD BOOKS CARLE 1994 | ||
| 100 | 1 |
_aCarle, Eric, _eauthor. |
|
| 245 | 1 | 4 |
_aThe very hungry caterpillar / _cby Eric Carle. |
| 264 | 1 |
_aNew York : _bPhilomel Books, _c1994. |
|
| 264 | 4 | _c♭1987 | |
| 300 |
_a1 volume (unpaged : board book) : _bcolor illustrations ; _c13 x 18 cm |
||
| 336 |
_atext _btxt _2rdacontent |
||
| 337 |
_aunmediated _bn _2rdamedia |
||
| 338 |
_avolume _bnc _2rdacarrier |
||
| 500 | _aOn board pages. | ||
| 520 | _aFollows the progress of a hungry little caterpillar as he eats his way through a varied and very large quantity of food until, full at last, he forms a cocoon around himself and goes to sleep. Die-cut pages illustrate what the caterpillar ate on successive days. On board pages. | ||
| 521 | 8 |
_aAD 460 _bLexile |
|
| 526 | 0 |
_aAccelerated Reader _bLG _c2.9 _d0.5 _z5496 |
|
| 650 | 0 |
_aToy and movable books _vSpecimens _vJuvenile literature. |
|
| 650 | 0 |
_aCaterpillars _vJuvenile fiction. |
|
| 942 | _cBK | ||